| 000 | 00548nam a22001817a 4500 | ||
|---|---|---|---|
| 005 | 20251108172036.0 | ||
| 008 | 250721s1993 xx 000 0 ara d | ||
| 082 | 1 | 4 | _a344.04194/مصط |
| 100 | 1 | _aعرجاوي، مصطفى محمد | |
| 245 | 1 | 0 | _aأحكام نقل الدم في القانون المدني و الفقه الإسلامي / |
| 250 | _aط2. | ||
| 264 | 1 |
_aالقاهرة : _bدار المنار، _c1993. |
|
| 300 | _a547ص. | ||
| 650 | 1 | 7 | _aالإسلام |
| 650 | 1 | 7 | _aنقل الدم |
| 942 |
_2ddc _cBK |
||
| 999 |
_c68953 _d68953 |
||